Wird geladen...

Sanidasa/

Bibliographische Detailangaben
1. Verfasser: Cherukad
Format: Printed Book
Veröffentlicht: Thiruvananthapuram: Chintha Publishers, 2019.
Ausgabe:4th
Schlagworte:
LEADER 00546nam a22001817a 4500
999 |c 143874  |d 143874 
020 |a 9789383903887 
082 |a M3  |b CHE/S 
100 |a Cherukad 
245 |a Sanidasa/  |c by Cherukad 
250 |a 4th 
260 |a Thiruvananthapuram:  |b Chintha Publishers,  |c 2019. 
300 |a 271p. 
650 |a Novel Malayalam 
650 |a Literature Malayalam 
650 |a Literature 
942 |c BK 
952 |0 0  |1 0  |4 0  |6 M_3_000000000000000_CHE_S  |7 0  |9 100759  |a SSUS  |b SSUS  |c STACKS  |d 2019-11-13  |g 290.00  |o M3 CHE/S  |p 097496  |r 2019-11-13  |w 2019-11-13  |y BK